• 首页
  • 本馆介绍
  • 公告通知
  • 最新文献
  • 馆藏检索
  • 电子资源
  • 读者导购
  • 参考咨询
  • 我的图书馆
  • 登录
  • 详细信息显示
  • 放入我的书架
  • 预约/预借图书
  • 作者相关作品
  • 分类相关作品
  • 丛书相关作品
  • 出版社相关作品

书目信息

  • 表格格式
  • 工作单格式
  • 卡片格式
题名:
高中生物单元过关于辅导
    
 
作者: 本书组编
分册:  
出版信息: 福建   福建人民出版社  1988.07
页数: 203页
开本: 19cm
丛书名:
单 册:
中图分类: G633.91
科图分类:
主题词: 教育--各级
电子资源:
ISBN:
000 00511nam0 2200181 450
001 0754333223
005 20071122150924.52
010    @dCNY1.30
100    @a20071122d1988 km y0chiy0120 ea
101 0  @achi
102    @aCN@b350000
200 1  @a高中生物单元过关于辅导@Agao zhong sheng wu dan yuan guo guan yu fu dao@f本书组编@Fben shu zu bian
210    @a福建@c福建人民出版社@d1988.07
215    @a203页@d19cm
606 0  @a教育@x各级
690    @aG633.91@v4
801  0 @aCN@bPFT@c20071122
905    @aBZT@dG633.91@e2
    
    高中生物单元过关于辅导/本书组编.-福建:福建人民出版社,1988.07
    203页;19cm
    
    
    ISBN :CNY1.30
    
●
相关链接 在五车中查询图书 在当当中查询图书 在豆瓣中查询图书


正题名:高中生物单元过关于辅导     索取号:G633.91/2         预约/预借

序号 登录号 条形码 馆藏地/架位号 状态 备注
1 4284   200855645   中心书库北库/ 北库029架A面5列5层3/ [索取号:G633.91/2] 在馆    
山东省滨州职业学院图书馆 欢迎您!
大连网信软件有限公司© 版权所有